Normal view
MARC view
- Cabrera, Enrique,
Entry Personal Name
001 - CONTROL NUMBER
- control field: 51948
003 - CONTROL NUMBER IDENTIFIER
- control field: NUST
005 - DATE AND TIME OF LATEST TRANSACTION
- control field: 20210324153556.0
008 - FIXED-LENGTH DATA ELEMENTS
- fixed length control field: 210324|| aca||aabn | a|a d
040 ## - CATALOGING SOURCE
- Original cataloging agency: NUST
- Transcribing agency: NUST
100 ## - HEADING--PERSONAL NAME
- Personal name: Cabrera, Enrique,
- Dates associated with a name: 1948-
670 ## - SOURCE DATA FOUND
- Source citation: Work cat.: (NUST)31682: IAHR Symposium on Hydraulic Machinery and Cavitation (18th : 1996 : Valencia, Spain) 51945, Hydraulic machinery and cavitation :, c1996.
